RENAL medicine
Salvato in:
| Natura: | Libro |
|---|---|
| Lingua: | inglese |
| Pubblicazione: |
JP Medical
2013
|
| Tags: |
Aggiungi Tag
Nessun Tag, puoi essere il primo ad aggiungerne!!
|
MARC
| LEADER | 00000nam a22000007a 4500 | ||
|---|---|---|---|
| 008 | 210923b ||||| |||| 00| 0 eng d | ||
| 020 | |a 9781907816574 | ||
| 245 | |a RENAL medicine |c David Oliveira...(et al.) |e pocket tutor series |g vii, 216p;ill | ||
| 260 | |b JP Medical |c 2013 |h London |i 697096 |l RC902.R29 |m Kidney- Diseases | ||
| 500 | |a it includes index | ||
| 942 | |a lcc |c BK |e Johnson |f 23/09/21 | ||
| 952 | |0 0 |1 0 |2 lcc |4 0 |6 RC0902 R29 |7 0 |9 3604 |a HE |b HOL |c QZ |d 2021-09-23 |l 0 |o RC902.R29 |p 2021-67341 |r 2021-09-23 00:00:00 |w 2021-09-23 |y BK | ||
| 952 | |0 0 |1 0 |2 lcc |4 0 |6 RC0902 R29 |7 0 |9 3605 |a HOL |b HOL |c QZ |d 2021-09-23 |l 0 |o RC902.R29 |p 2021-67342 |r 2021-09-23 00:00:00 |w 2021-09-23 |y BK | ||
| 999 | |c 1786 |d 1786 | ||